• 首页
  • 本馆介绍
  • 公告通知
  • 最新文献
  • 馆藏检索
  • 电子资源
  • 读者导购
  • 参考咨询
  • 我的图书馆
  • 登录
  • 详细信息显示
  • 放入我的书架
  • 预约/预借图书
  • 作者相关作品
  • 分类相关作品
  • 丛书相关作品
  • 出版社相关作品

书目信息

  • 表格格式
  • 工作单格式
  • 卡片格式
题名:
激光原理
    
 
作者: 周炳琨 编著
分册:  
出版信息: 北京   国防工业出版社  2014.11
页数: 303页
开本: 26cm
丛书名:
单 册:
中图分类: TN241
科图分类:
主题词: 激光理论--ji guang li lun--高等教育--教材
电子资源:
ISBN: 978-7-118-09665-1
000 00965nam0 2200289 450
001 0106081752
005 20201109082035.21
010    @a978-7-118-09665-1@dCNY58.00
100    @a20150310e20202014em y0chiy50 ea
101 0  @achi
102    @aCN@b110000
105    @ay z 000yy
106    @ar
200 1  @a激光原理@Aji guang yuan li@f周炳琨[等]编著
205    @a7版
210    @a北京@c国防工业出版社@d2014.11@h2020.01
215    @a303页@d26cm
300    @a“十二五”普通高等教育本科国家级规划教材
304    @a编著者还有:高以智、陈倜嵘、陈家骅、霍力
312    @a封面英文题名:The principle of laser
330    @a本书主要阐述激光的产生、特性控制与改善的基本原理和理论。内容包括激光器的光谐振腔理论、速率方程理论等。
510 1  @aPrinciple of laser@zeng
606 0  @a激光理论@Aji guang li lun@x高等教育@j教材
690    @aTN241@v5
701  0 @a周炳琨@Azhou bing kun@4编著
801  0 @aCN@bBJSZM@c20201106
905    @b1191000-3@dTN241@e141=7@f4
    
    激光原理/周炳琨[等]编著.-7版.-北京:国防工业出版社,2014.11(2020.01)
    303页;26cm
    “十二五”普通高等教育本科国家级规划教材
    
    ISBN 978-7-118-09665-1:CNY58.00
    本书主要阐述激光的产生、特性控制与改善的基本原理和理论。内容包括激光器的光谐振腔理论、速率方程理论等。
●
相关链接 在E读中查询图书 在五车中查询图书 在当当中查询图书 在豆瓣中查询图书


正题名:激光原理     索取号:TN241/141=7         预约/预借

序号 登录号 条形码 馆藏地/架位号 状态 备注
1 1191000   211910002   第二样本阅览室/ [索取号:TN241/141=7] 在馆    
2 1191001   211910011   第三借阅区/ [索取号:TN241/141=7] 在馆    
3 1191002   211910020   第三借阅区/ [索取号:TN241/141=7] 在馆    
4 1191003   211910039   第三借阅区/ [索取号:TN241/141=7] 已借出,限还日期为2024.03.16
借出人:王莉  
 
唐山师范学院图书馆 欢迎您!
大连网信软件有限公司© 版权所有